[Event "Wch Amateurs U2000"]
[Site "Rhodes"]
[Date "2024.11.01"]
[Round "6"]
[White "Ebenezer, Joseph"]
[Black "Fogo Esquivel, Levi Kalani Alexand"]
[Result "0-1"]
[WhiteElo "1918"]
[BlackElo "1911"]
[PlyCount "46"]
[EventDate "2024.10.27"]
[EventType "swiss"]
[EventRounds "9"]
[EventCountry "GRE"]
[SourceTitle "CB45_2024"]
[Source "ChessBase"]
[SourceDate "2024.11.06"]
[SourceVersion "1"]
[SourceVersionDate "2024.11.06"]
[SourceQuality "1"]

1. e4 e5 2. Nf3 Nc6 3. Bc4 Be7 4. d4 exd4 5. c3 dxc3 6. Qd5 Nh6 7. Bxh6 0-0 8. Bc1 Nb4 9. Qd1 c2 10. Qe2 cxb1Q 11. Rxb1 d5 12. exd5 Bf5 13. d6 cxd6 14. a3 d5 15. Bb5 a6 16. axb4 axb5 17. Nd2 Bxb1 18. Nxb1 Bxb4+ 19. Kd1 Ra1 20. Qxb5 Qh4 21. Nc3 Qd4+ 22. Kc2 Rc8 23. Re1 Rxc3+ 0-1

[Event "Wch Amateurs U2000"]
[Site "Rhodes"]
[Date "2024.10.31"]
[Round "5"]
[White "Fogo Esquivel, Levi Kalani Alexand"]
[Black "Szalko, Maciej"]
[Result "1-0"]
[WhiteElo "1911"]
[BlackElo "1971"]
[PlyCount "41"]
[EventDate "2024.10.27"]
[EventType "swiss"]
[EventRounds "9"]
[EventCountry "GRE"]
[SourceTitle "CB45_2024"]
[Source "ChessBase"]
[SourceDate "2024.11.06"]
[SourceVersion "1"]
[SourceVersionDate "2024.11.06"]
[SourceQuality "1"]

1. e4 c5 2. Nf3 e6 3. d4 cxd4 4. Nxd4 Nf6 5. Nc3 a6 6. e5 Nd5 7. Nxd5 exd5 8. Nf3 Bc5 9. Qxd5 Qa5+ 10. Qd2 Qc7 11. Bd3 0-0 12. 0-0 Nc6 13. Qf4 b5 14. Qh4 g6 15. Ng5 h5 16. g4 Nxe5 17. gxh5 Be7 18. Be4 Bb7 19. hxg6 Kg7 20. Ne6+ fxe6 21. Qh6+ 1-0

[Event "World Amateur-ch U2000"]
[Site "Muscat"]
[Date "2023.11.10"]
[Round "9.11"]
[White "Fogo Esquivel, Levi Kalani Alexand"]
[Black "Ebenezer, Joseph"]
[Result "1/2-1/2"]
[WhiteElo "1683"]
[BlackElo "1831"]
[PlyCount "143"]
[EventDate "2023.11.02"]
[EventType "swiss"]
[EventRounds "9"]
[EventCountry "OMN"]
[SourceTitle "CBM 217 Extra"]
[Source "ChessBase"]
[SourceDate "2024.01.31"]
[SourceVersion "1"]
[SourceVersionDate "2024.01.31"]
[SourceQuality "1"]

1. e4 e6 2. d4 d5 3. exd5 exd5 4. Bd3 Bd6 5. Qf3 Nc6 6. c3 Nf6 7. h3 Qe7+ 8. Ne2 Ne4 9. 0-0 f5 10. Nf4 Qf7 11. Qe2 Be7 12. Bb5 a6 13. Ba4 g5 14. Bxc6+ bxc6 15. Nd3 0-0 16. Ne5 Qf6 17. Re1 c5 18. f3 Ng3 19. Qf2 f4 20. dxc5 Re8 21. Na3 Bf8 22. Nd3 Rxe1+ 23. Qxe1 Bf5 24. Nxf4 Bxc5+ 25. Kh2 gxf4 26. Bxf4 Nh5 27. Bxc7 Bd6+ 28. Bxd6 Qxd6+ 29. Kg1 Bg6 30. Qd2 Re8 31. Re1 Qb6+ 32. Kh2 Rxe1 33. Qxe1 Qd6+ 34. Kg1 Nf4 35. Qe3 Nd3 36. b4 Qg3 37. Qe6+ Kg7 38. Qxd5 Qxg2+ 39. Kxg2 Nf4+ 40. Kg3 Nxd5 41. b5 axb5 42. Nxb5 Bd3 43. a4 Nb6 44. Nc7 Nxa4 45. Ne6+ Kf6 46. Nf4 Bc4 47. Ng2 Nxc3 48. Ne3 Be6 49. f4 Ne2+ 50. Kf3 Nc3 51. Kg3 Nd5 52. Nc2 Ne7 53. Ne1 Nf5+ 54. Kg4 Nd4+ 55. Kg3 Ne2+ 56. Kf3 Ng1+ 57. Kg3 Ne2+ 58. Kf3 Ng1+ 59. Kg3 Nxh3 60. Nf3 Bc8 61. Ne5 Kf5 62. Nc4 Kf6 63. Nd6 Bd7 64. Ne4+ Kg6 65. Nd6 Ng1 66. Kf2 Nh3+ 67. Kg3 Kf6 68. Ne4+ Ke7 69. Nc3 Kf6 70. Ne4+ Kg6 71. Nd6 h6 72. f5+ 1/2-1/2

[Event "World Amateur-ch U2000"]
[Site "Muscat"]
[Date "2023.11.05"]
[Round "4.16"]
[White "Fogo Esquivel, Levi Kalani Alexand"]
[Black "Ahmed, Ibrahim Moh"]
[Result "1-0"]
[WhiteElo "1683"]
[BlackElo "1846"]
[PlyCount "87"]
[EventDate "2023.11.02"]
[EventType "swiss"]
[EventRounds "9"]
[EventCountry "OMN"]
[SourceTitle "CBM 217 Extra"]
[Source "ChessBase"]
[SourceDate "2024.01.31"]
[SourceVersion "1"]
[SourceVersionDate "2024.01.31"]
[SourceQuality "1"]

1. e4 c5 2. Nf3 d6 3. d4 cxd4 4. Nxd4 Nf6 5. Nc3 a6 6. Be2 Nbd7 7. 0-0 Nc5 8. f3 e5 9. Nb3 Ne6 10. Be3 Be7 11. Qd2 0-0 12. Na4 b5 13. Nb6 Rb8 14. Nxc8 Rxc8 15. a4 Qc7 16. Rfc1 d5 17. axb5 d4 18. Bf2 axb5 19. Bxb5 Nh5 20. h4 Qb6 21. Bf1 g5 22. Ra6 Qb7 23. Qa5 Qb8 24. Bb5 gxh4 25. Bd7 Nef4 26. Bxc8 Qxc8 27. Qb5 d3 28. Rc6 Ne2+ 29. Kh2 Qxc6 30. Qxc6 Nxc1 31. Be3 Nxb3 32. cxb3 Ng3 33. Kg1 Rd8 34. Bd2 f6 35. b4 Kf8 36. b5 Rd6 37. Qc7 Ne2+ 38. Kf2 Nd4 39. b6 Ne6 40. Qc8+ Nd8 41. b7 Rb6 42. b8Q Rxb8 43. Qxb8 Bc5+ 44. Be3 1-0

[Event "Pan American-ch School U13 12th"]
[Site "Callao"]
[Date "2023.10.19"]
[Round "6"]
[White "Janampa Javier, Jhonatan David"]
[Black "Fogo Esquivel, Levi Kalani Alexand"]
[Result "0-1"]
[WhiteElo "1560"]
[BlackElo "1665"]
[PlyCount "54"]
[EventDate "2023.10.16"]
[EventType "swiss"]
[EventRounds "9"]
[EventCountry "PER"]
[SourceTitle "CBM 217 Extra"]
[Source "ChessBase"]
[SourceDate "2024.01.31"]
[SourceVersion "1"]
[SourceVersionDate "2024.01.31"]
[SourceQuality "1"]

1. e4 e5 2. Nf3 Nc6 3. Bc4 Bc5 4. 0-0 Nf6 5. Re1 0-0 6. c3 Nxe4 7. Rxe4 d5 8. Re1 dxc4 9. Nxe5 Bxf2+ 10. Kxf2 Nxe5 11. Re4 c6 12. b3 Re8 13. Rxe5 Rxe5 14. g3 Qf6+ 15. Kg2 h5 16. d4 cxd3 17. Bf4 Re2+ 18. Kg1 Bg4 19. Qf1 g5 20. h3 gxf4 21. hxg4 hxg4 22. Na3 Qh6 23. Qxe2 dxe2 24. Kf2 Qh2+ 25. Ke1 Rd8 26. Nc4 Qg1+ 27. Kxe2 f3# 0-1

[Event "Pan American-ch School U13 12th"]
[Site "Callao"]
[Date "2023.10.17"]
[Round "3"]
[White "Fogo Esquivel, Levi Kalani Alexand"]
[Black "Gomez Nunez, Fabian Elmer"]
[Result "1-0"]
[WhiteElo "1665"]
[BlackElo "1318"]
[PlyCount "47"]
[EventDate "2023.10.16"]
[EventType "swiss"]
[EventRounds "9"]
[EventCountry "PER"]
[SourceTitle "CBM 217 Extra"]
[Source "ChessBase"]
[SourceDate "2024.01.31"]
[SourceVersion "1"]
[SourceVersionDate "2024.01.31"]
[SourceQuality "1"]

1. e4 c5 2. Nf3 d6 3. d4 cxd4 4. Nxd4 Nf6 5. Nc3 g6 6. f3 Bg7 7. Be3 0-0 8. Qd2 Nc6 9. 0-0-0 Nxd4 10. Bxd4 Be6 11. Kb1 Qc7 12. h4 a6 13. h5 Rac8 14. g4 b5 15. Bd3 Bc4 16. Nd5 Bxd5 17. exd5 Qd7 18. Qh2 e5 19. dxe6 Qxe6 20. Rde1 Qd7 21. Qh4 g5 22. Qxg5 h6 23. Qf4 Nd5 24. Qe4 1-0

[Event "Pan American-ch School U13 12th"]
[Site "Callao"]
[Date "2023.10.17"]
[Round "4"]
[White "Salas Alvarez, Gustavo Marcelo"]
[Black "Fogo Esquivel, Levi Kalani Alexand"]
[Result "0-1"]
[WhiteElo "1354"]
[BlackElo "1665"]
[PlyCount "74"]
[EventDate "2023.10.16"]
[EventType "swiss"]
[EventRounds "9"]
[EventCountry "PER"]
[SourceTitle "CBM 217 Extra"]
[Source "ChessBase"]
[SourceDate "2024.01.31"]
[SourceVersion "1"]
[SourceVersionDate "2024.01.31"]
[SourceQuality "1"]

1. e4 e5 2. Nf3 Nc6 3. Bc4 Bc5 4. c3 Nf6 5. d3 d6 6. Bg5 a6 7. 0-0 h6 8. Bh4 g5 9. Bg3 Ba7 10. b4 Be6 11. Nbd2 Qd7 12. b5 axb5 13. Bxb5 h5 14. Bxe5 dxe5 15. Nxe5 Qd6 16. d4 Kf8 17. Nxc6 bxc6 18. e5 Qd7 19. exf6 cxb5 20. a4 b4 21. cxb4 Bxd4 22. Rc1 Rd8 23. Ne4 Qd5 24. Nc3 Qd6 25. Nb5 Qxb4 26. Nxd4 Qxd4 27. Qxd4 Rxd4 28. Rxc7 Rxa4 29. Rb1 Ra8 30. h3 Rh6 31. Rb5 g4 32. Rcb7 Rxf6 33. Rxh5 Ra1+ 34. Kh2 Rxf2 35. hxg4 Raa2 36. Rb4 Rxg2+ 37. Kh3 Bxg4+ 0-1

[Event "Wch U20 60th"]
[Site "Mexico City"]
[Date "2023.09.21"]
[Round "1"]
[White "Fogo Esquivel, Levi Kalani Alexand"]
[Black "Royal, Shreyas"]
[Result "0-1"]
[WhiteElo "1630"]
[BlackElo "2407"]
[PlyCount "190"]
[EventDate "2023.09.21"]
[EventType "swiss"]
[EventRounds "11"]
[EventCountry "MEX"]
[SourceTitle "CBM 216 Extra"]
[Source "ChessBase"]
[SourceDate "2023.11.30"]
[SourceVersion "1"]
[SourceVersionDate "2023.11.30"]
[SourceQuality "1"]

1. e4 c5 2. Nf3 d6 3. d4 cxd4 4. Nxd4 Nf6 5. Nc3 Nc6 6. Be2 e5 7. Nb3 Be7 8. 0-0 0-0 9. Be3 Be6 10. Qd2 a5 11. a4 Nb4 12. f4 Rc8 13. f5 Bxb3 14. cxb3 d5 15. exd5 Nfxd5 16. Nxd5 Nxd5 17. Bf2 Nc3 18. Qe1 Nxe2+ 19. Qxe2 Qd5 20. Rfd1 Qxb3 21. Qxe5 Qb4 22. Rd7 Bf6 23. Qb5 Qxb5 24. axb5 Bxb2 25. Rb1 a4 26. Rxb2 Rc1+ 27. Be1 Rxe1+ 28. Kf2 a3 29. Ra2 Rb1 30. Rxa3 Rxb5 31. f6 gxf6 32. Rg3+ Kh8 33. Rf3 f5 34. Rc3 Kg8 35. Rg3+ Kh8 36. Rc3 b6 37. Rb7 Rb2+ 38. Kf3 Rg8 39. g3 Rxh2 40. Rxb6 Rg6 41. Rb7 Kg7 42. Rcc7 Rf6 43. Rb4 Ra6 44. Rc3 Raa2 45. Kf4 Raf2+ 46. Rf3 Kg6 47. Rxf2 Rxf2+ 48. Ke3 Rf1 49. Ke2 Ra1 50. Kf3 Kg5 51. Rb7 Ra3+ 52. Kg2 Kg6 53. Rb8 Kg7 54. Rb5 Kf6 55. Rb6+ Kg5 56. Rb7 Kg6 57. Rb8 h6 58. Rg8+ Kh7 59. Rb8 h5 60. Rb5 Kg6 61. Rb8 f6 62. Rg8+ Kh7 63. Rb8 Kg7 64. Rc8 Kh7 65. Rf8 Kg7 66. Rc8 f4 67. gxf4 h4 68. f5 Rg3+ 69. Kh2 Kh6 70. Rc6 Kg5 71. Rc5 Rf3 72. Kg2 Rxf5 73. Rc8 Kg4 74. Rg8+ Rg5 75. Rb8 f5 76. Re8 f4 77. Rf8 h3+ 78. Kh2 f3 79. Rf7 Rf5 80. Rg7+ Kf4 81. Ra7 f2 82. Ra1 Ke3 83. Kxh3 f1Q+ 84. Rxf1 Rxf1 85. Kg2 Rf8 86. Kg1 Ke2 87. Kg2 Rg8+ 88. Kh3 Kf3 89. Kh4 Kf4 90. Kh5 Kf5 91. Kh4 Rg7 92. Kh3 Kf4 93. Kh2 Kf3 94. Kh1 Kf2 95. Kh2 Rh7# 0-1